000 00326nam a2200133Ia 4500
008 150301s2015 xx 000 0 und d
082 _a661.8
_bP14A
100 _aMOHAMMED ALI
245 _aTB OF PHARMACEUTICAL ORGANIC CHEMISTRY
260 _bCBS- DELHI
300 _a475
650 _aORGANIC CHEMISTRY
942 _2ddc
_cBK
_09
999 _c7123
_d7123